LEADER 00776nam0-22002771i-450- 001 990003314560403321 005 20001010 035 $a000331456 035 $aFED01000331456 035 $a(Aleph)000331456FED01 035 $a000331456 100 $a20001010d--------km-y0itay50------ba 101 0 $aita 105 $ay-------001yy 200 1 $a<>GESTIEFELTE KATER ODER WIE MAN DAS SPIEL SPIELT 210 $aBERLIN$cKIEPENHEIER & WITSCH$d1963 676 $a740 700 1$aDorst Tankred- tieck Ludwig$0377061 801 0$aIT$bUNINA$gRICA$2UNIMARC 901 $aBK 912 $a990003314560403321 952 $a740 DOR /1$bLINGUE 512$fDECLI 959 $aDECLI 996 $aGESTIEFELTE KATER ODER WIE MAN DAS SPIEL SPIELT$9447336 997 $aUNINA DB $aING01 LEADER 01634oam 2200433 450 001 9910704618603321 005 20130708161320.0 035 $a(CKB)5470000002443532 035 $a(OCoLC)681391581$z(OCoLC)625598547 035 $a(EXLCZ)995470000002443532 100 $a20101115d1991 ua 0 101 0 $aeng 135 $aurbn||||||||| 181 $ctxt$2rdacontent 182 $cc$2rdamedia 183 $acr$2rdacarrier 200 10$aStand development and yields of Appalachian hardwood stands managed with single-tree selection for at least 30 years /$fNeil I. Lamson, H. Clay Smith 210 1$aRadnor, Pennsylvania :$cUnited States Department of Agriculture, Forest Service, Northeastern Forest Experiment Station,$d[1991] 215 $a1 online resource (6 pages) $cillustrations 225 1 $aResearch paper NE ;$v655 300 $aTitle from title screen (viewed on July 8, 2013). 300 $a"September 1991." 320 $aIncludes bibliographical references (page 6). 606 $aForests and forestry$zWest Virginia 606 $aHardwoods$zWest Virginia 615 0$aForests and forestry 615 0$aHardwoods 700 $aLamson$b Neil I.$01390804 702 $aSmith$b H. Clay 712 02$aNortheastern Forest Experiment Station (Radnor, Pa.), 712 02$aUnited States.$bForest Service, 801 0$bOCLCE 801 1$bOCLCE 801 2$bOCLCQ 801 2$bGPO 906 $aBOOK 912 $a9910704618603321 996 $aStand development and yields of Appalachian hardwood stands managed with single-tree selection for at least 30 years$93519498 997 $aUNINA